000 00691nam a2200229 a 4500
008
020 _a0080418783 (pbk.)
049 _aMAIN
090 0 0 _aQE501
100 1 _aGhosh, Santi Kumar.
245 1 0 _aStructural geology :
_bfundamentals and modern developments /
_cby Santi Kumar Ghosh.
260 _aOxford :
_bPergamon Press,
_c1993.
300 _axvi, 598 p. :
_bill. ;
_c23 cm.
504 _aIncludes bibliographical references.
500 _aIncludes index.
650 0 _aGeology, Structural.
907 _a.b10134128
_b04-12-06
_c27-08-04
003
005 20251216193452.0
040 _cNUST
942 _cBOOKS
_kQE501
_01
999 _c158555
_d158555